000 00854nam a2200289Ia 4500
003 GCL
008 140319s9999 xx 000 0 ara d
020 _a623531996
040 _aGCL /
_cGCL
082 0 4 _a212
_bا د
100 1 _aانس اسماعيل ابوداود
245 1 0 _aدليل السائلين /
_cانس اسماعيل ابوداود
250 _aالاولى
260 _aالرياض :
_bانس اسماعيل ابوداود ،
_c1996
300 _a639 ص ؛
_c28 سم
490 _a
650 0 4 _aالاسلام
650 0 4 _aالسيرة النبوية
650 0 4 _aالاخلاق الاسلامية
650 0 4 _aالشعر
650 0 4 _aالقصص
650 0 4 _aالايمان
650 0 4 _aالوعظ والارشاد
650 0 4 _aالقران، علوم
650 0 4 _aالسلفيون
942 _2ddc
_cBK
999 _c48348
_d48348